<?xml version="1.0" encoding="UTF-8"?>
<record
    xmlns:xsi="http://www.w3.org/2001/XMLSchema-instance"
    xsi:schemaLocation="http://www.loc.gov/MARC21/slim http://www.loc.gov/standards/marcxml/schema/MARC21slim.xsd"
    xmlns="http://www.loc.gov/MARC21/slim">

  <leader>00727nam a2200181 a 4500</leader>
  <controlfield tag="001">BRCA_2100</controlfield>
  <controlfield tag="005">20190320203653.0</controlfield>
  <controlfield tag="008">110808s1991----mx-#---###---#000-0#spa-#</controlfield>
  <datafield tag="050" ind1=" " ind2="4">
    <subfield code="a">F1391.P8</subfield>
    <subfield code="b">.L43 42</subfield>
    <subfield code="c">1991</subfield>
  </datafield>
  <datafield tag="100" ind1="1" ind2=" ">
    <subfield code="a">Meade de Angulo, Mercedes</subfield>
    <subfield code="9">281</subfield>
  </datafield>
  <datafield tag="245" ind1="1" ind2="0">
    <subfield code="a">M&#xE9;xico en 1827</subfield>
    <subfield code="b">segunda visita a M&#xE9;xico en 1825 Estado de Puebla, H.G. Ward</subfield>
    <subfield code="c">selecci&#xF3;n y pr&#xF3;logo Mercedes Meade de Angulo.</subfield>
  </datafield>
  <datafield tag="260" ind1=" " ind2=" ">
    <subfield code="a">Puebla, M&#xE9;xico</subfield>
    <subfield code="b">Gobierno del Estado de Puebla : Secretar&#xED;a de Cultura : Comisi&#xF3;n Puebla V Centenario</subfield>
    <subfield code="c">1991</subfield>
  </datafield>
  <datafield tag="300" ind1=" " ind2=" ">
    <subfield code="a">27 cm.</subfield>
    <subfield code="c">21 cm.</subfield>
  </datafield>
  <datafield tag="440" ind1=" " ind2="0">
    <subfield code="a">Lecturas Hist&#xF3;ricas de Puebla</subfield>
    <subfield code="n">42</subfield>
    <subfield code="9">6373</subfield>
  </datafield>
  <datafield tag="651" ind1=" " ind2="4">
    <subfield code="a">Puebla (M&#xE9;xico)</subfield>
    <subfield code="x">Historia</subfield>
    <subfield code="y">1925</subfield>
    <subfield code="9">6374</subfield>
  </datafield>
  <datafield tag="653" ind1="0" ind2=" ">
    <subfield code="a">Viajeros extranjeros en M&#xE9;xico</subfield>
  </datafield>
  <datafield tag="942" ind1=" " ind2=" ">
    <subfield code="2">lcc</subfield>
    <subfield code="c">B</subfield>
  </datafield>
  <datafield tag="999" ind1=" " ind2=" ">
    <subfield code="c">1857</subfield>
    <subfield code="d">1857</subfield>
  </datafield>
  <datafield tag="952" ind1=" " ind2=" ">
    <subfield code="0">0</subfield>
    <subfield code="1">0</subfield>
    <subfield code="4">0</subfield>
    <subfield code="7">0</subfield>
    <subfield code="a">BRCA</subfield>
    <subfield code="b">BRCA</subfield>
    <subfield code="d">2008-08-11</subfield>
    <subfield code="l">0</subfield>
    <subfield code="o">F1391.P8 .L43 42 1991</subfield>
    <subfield code="p">00500</subfield>
    <subfield code="r">2019-03-22 00:00:00</subfield>
    <subfield code="w">2019-03-22</subfield>
    <subfield code="y">B</subfield>
  </datafield>
</record>
